The new cosmology : Proceedings of the 16th International Physics Summer School, Canberra : Canbarra, Australia 3-14 February 2003
This volume presents a comprehensive introduction to modern cosmology from an astrophysical viewpoint. Key features of the book are: breadth of topics covered, from quantum cosmology to recent observational advances; up-to-the-minute inclusion of many recent results, e.g. from the WMAP satellite; th...
Đã lưu trong:
| Format: | Bog |
|---|---|
| Sprog: | Undetermined |
| Udgivet: |
Hackensack, N.J.
World Scientific
2005
|
| Fag: | |
| Tags: |
Tilføj Tag
Ingen Tags, Vær først til at tagge denne postø!
|
| Thư viện lưu trữ: | Trung tâm Học liệu Trường Đại học Cần Thơ |
|---|
| LEADER | 01000nam a2200205Ia 4500 | ||
|---|---|---|---|
| 001 | CTU_157582 | ||
| 008 | 210402s9999 xx 000 0 und d | ||
| 020 | |c 159 | ||
| 082 | |a 523.1 | ||
| 082 | |b C214 | ||
| 245 | 4 | |a The new cosmology : | |
| 245 | 0 | |b Proceedings of the 16th International Physics Summer School, Canberra : Canbarra, Australia 3-14 February 2003 | |
| 245 | 0 | |c editor, Matthew Colless | |
| 260 | |a Hackensack, N.J. | ||
| 260 | |b World Scientific | ||
| 260 | |c 2005 | ||
| 520 | |a This volume presents a comprehensive introduction to modern cosmology from an astrophysical viewpoint. Key features of the book are: breadth of topics covered, from quantum cosmology to recent observational advances; up-to-the-minute inclusion of many recent results, e.g. from the WMAP satellite; the level of the work, suited to both students and professionals in the field. | ||
| 650 | |a Cosmology,Astrophysics | ||
| 904 | |i Bạch Trúc | ||
| 980 | |a Trung tâm Học liệu Trường Đại học Cần Thơ | ||